000 00801nam a2200229Ii 4500
003 JO-AjNU
008 230605s9999||||xx |||||||||||||| ||und||
017 _a1996/5692
020 _a977-01-4806-7
040 _aJO-AjNU
_bara
_erda
_cJO-AjNU
041 _aara
050 1 4 _aPJ7864.45.A15 2002
100 3 _aتأليف الطوخي،عبدالله,
_eauthor
_917156
245 0 0 _aفكر وفن في الحياة..العشق..الموت
264 3 1 _aالقاهرة: مكتبة الأسرة،2002 ؛ مهرجان القراءة للجميع 2002
300 _a580ص
336 _atext
_btxt
_2rdacontent
337 _aunmediated
_bn
_2rdamedia
338 _avolume
_bnc
_2rdacarrier
490 0 _aسلسلة الأعمال الكاملة
650 4 _aالأدب العربي - فكر وفن
_917157
999 _aA5240
_c8808
_d8808